000 00577nam a2200217Ia 4500
003 OSt
005 20220926044757.0
006 a|||||r|||| 00| 0
007 ta
008 220923b |||||||| |||| 00| 0 eng d
037 _cGeneral Book
040 _aRTL
_cRTL
_beng
041 _2eng
_aeng
082 _aX724.2q, K5.2/GD
110 _aIndia, Revenue Central (Board of-)
245 0 _aIncome tax manual, Part-2
260 _c1965
700 _aIndia, Revenue Central (Board of-)
942 _hX724.2q, K5.2/GD
_cGB
_2CC
999 _c675824
_d675824